000 00507nam a2200181Ia 4500
005 20250326143418.0
008 250326s9999 xx 000 0 und d
037 _aTextbook
040 _aFMSL
_beng
_cFMSL
041 _aeng
_2eng
084 _aX3 P4
_qFMSL
100 _aOber S
_9747967
245 0 _aFundamentals of contemporary business communication
_cOber S
260 _aNew York
_bNew York, Houghton Mifflin
_c2004
300 _a456p
942 _cTB
_hX3 P4
999 _c1299434
_d1299434